Normal view
MARC view
- Computer Software Engineering-Linked Data Portal
Entry Topical Term
001 - CONTROL NUMBER
- control field: 35152
003 - CONTROL NUMBER IDENTIFIER
- control field: NUST
005 - DATE AND TIME OF LATEST TRANSACTION
- control field: 20201111150202.0
008 - FIXED-LENGTH DATA ELEMENTS
- fixed length control field: 201111|| aca||aabn | a|a d
040 ## - CATALOGING SOURCE
- Original cataloging agency: NUST
- Transcribing agency: NUST
150 ## - HEADING--TOPICAL TERM
- Topical term or geographic name entry element: Computer Software Engineering-Linked Data Portal
670 ## - SOURCE DATA FOUND
- Source citation: Work cat.: (NUST): Sajid, Asma 35151, Linked Data Portal for E-Government Resources of Pakistan /, 2013
